000 00810cab a2200229 4500
001 ABS38811
008 090401t1988 xxu||||| |||| 00| 0 eng d
035 _a(Sirsi) u12504
041 _aeng
100 _aPartington, M.
245 4 _aThe Housing Bill 1987 - impact on the private rented sector I and II
260 _c1988
350 _a0
490 _aNew Law Journal
_v138(6342) 5 February 1988, 75-78
520 _aCritical review of issues raised by the Housing Bill 1987 . Concentrates on proposals relating to assured tenancies and assured shorthold tenancies .
650 _aPERIODIC TENANCIES
650 _aRENT REGULATION
650 _aSECURE TENANCIES
690 _aPROPERTY-RESIDENTIAL PROPERTY-RESIDENTIAL LANDLORD AND TENANT-RESIDENTIAL TENANCIES
942 _n0
948 _c04/03/1997
999 _c7990
_d7990